000 01344nam a2200361Ia 4500
001 Z_7086
003 CHAP
005 20221027133425.0
008 220113s2018 mx a f m 001 0 spa d
010 _a170359
040 _cCHAP
090 _aTesis E46 2649
100 1 _aElorza Tejada, José Luis
_9130558
245 _aEficiencia de utilización del alimento, producción y composición de la leche de cabras alpina, nubia, saanen y toggenburg en lactancia temprana suplementadas con microminerales orgánicos e inorgánicos /
_h[En línea]
_cJosé Luis Elorza Tejada
260 _aMéxico :
_bEl autor,
_c2018
300 _ax, 80 hojas,
_btablas
502 _aTesis
_b(Maestro en Ciencias en Innovación Ganadera) --
_cUACh. Departamento de Zootecnia, 2018
650 _aCabras lecheras
_9145550
650 _aConsumo de agua
_9145270
650 _aConsumo de materia seca
_9145903
650 _aDigestibilidad
_9144243
650 _aEficiencia
_9146042
650 _aMicrominerales
_9146725
700 1 _9114409
_aTovar Luna, Ignacio
_edirector
700 1 _9185569
_aHuerta Bravo, Maximino
_easesor
700 0 _968182
_aLópez Ordaz, Rufino
_easesor
856 4 2 _uhttp://10.13.5.2/tesis/sist115368.pdf
_yDescargar PDF
901 _aTESIS E46 2649
902 _aA
910 _a2018
942 _c2
_2ddc
942 _c2
_2ddc
999 _c170359
_d170359